REVIEW OF PERSONALITY AND SOCIAL PSYCHOLOGY (Record no. 32372)
[ view plain ]
| 000 -LEADER | |
|---|---|
| fixed length control field | 00303nam a22001337a 4500 |
| 008 - FIXED-LENGTH DATA ELEMENTS--GENERAL INFORMATION | |
| fixed length control field | 171006b xxu||||| |||| 00| 0 eng d |
| 020 ## - INTERNATIONAL STANDARD BOOK NUMBER | |
| International Standard Book Number | |
| 041 ## - LANGUAGE CODE | |
| Language code of text/sound track or separate title | eng |
| 080 ## - UNIVERSAL DECIMAL CLASSIFICATION NUMBER | |
| Universal Decimal Classification number | 159.9 |
| 100 ## - Rafti | |
| Rafti | 49 |
| 101 ## - Shkurtesa | |
| Shkurtesa | PSI |
| 245 ## - TITLE STATEMENT | |
| Title | REVIEW OF PERSONALITY AND SOCIAL PSYCHOLOGY |
| Statement of responsibility, etc | ALKER,H,A |
| 942 ## - ADDED ENTRY ELEMENTS (KOHA) | |
| Source of classification or shelving scheme | |
| Item type | Books |
| Withdrawn status | Lost status | Source of classification or shelving scheme | Damaged status | Not for loan | Collection code | Permanent location | Current location | Shelving location | Date acquired | Total Checkouts | Full call number | Barcode | Date last seen | Price effective from | Koha item type |
|---|---|---|---|---|---|---|---|---|---|---|---|---|---|---|---|
| Koleksioni i përgjithshem | UBT - Lipjan | UBT - Lipjan | Koleksioni i përgjithshem | 10/06/2017 | 159.9 ALK | 002-2929497 | 10/06/2017 | 10/06/2017 | Books | ||||||
| Koleksioni i përgjithshem | UBT - Lipjan | UBT - Lipjan | Koleksioni i përgjithshem | 10/06/2017 | 159.9 ALK | 002-2929496 | 10/06/2017 | 10/06/2017 | Books |